| 000 | 00631nam a2200217Ia 4500 | ||
|---|---|---|---|
| 003 | IT-RoPAU | ||
| 008 | 120407s9999 xx 000 0 und d | ||
| 040 | _aIT-RoPAU | ||
| 040 | _cIT-RoPAU | ||
| 041 | _aita | ||
| 245 | _aActes du XI° congrès international d’archéologie chrétienne. 21-28 settembre 1986 | ||
| 250 | _aRoma | ||
| 260 | _aEcole francaise | ||
| 260 | _c1989 | ||
| 300 | _c24 cm | ||
| 490 | _v3 | ||
| 600 | _a"1° vol.: CXXVII da 1 a 858 p. ill. 2° vol.: da 859 a 2027 p. ill. 3° vol.: da 2028 a 2919 p. ill." | ||
| 710 | _aIstituto di archeologia cristiana | ||
| 942 | _cBK | ||
| 999 |
_c13657 _d13657 |
||